Špecifiká účtovania vo Verejnej obchodnej spoločnosti

Salvato in:
Dettagli Bibliografici
Autore principale: Máziková, Katarína
Natura: Capitolo di libro
Lingua:slovacco
Tags: Aggiungi Tag
Nessun Tag, puoi essere il primo ad aggiungerne!!

MARC

LEADER 00000naa$a2200000$$$4500
001 0118185
005 20240502072325.6
041 0 |a slo 
044 |a SK 
245 1 0 |a Špecifiká účtovania vo Verejnej obchodnej spoločnosti  |c Katarína Máziková 
100 1 |a Máziková, Katarína